| 000 | 00720nam a2200265Ia 4500 | ||
|---|---|---|---|
| 001 | Para_6551 | ||
| 003 | CHAP | ||
| 008 | 220125s1977 xx 000 0 und d | ||
| 010 | _a204197 | ||
| 040 | _cCHAP | ||
| 082 | _aPA 632.95 E8 | ||
| 100 |
_aEto, Marifusa _9170163 |
||
| 245 |
_aOrganophosphorus pesticides : _b Organic and biological chemistry / _c by Marifusa Eto. |
||
| 260 |
_aCleveland, Ohio : _b CRC Press |
||
| 300 | _a387 p. | ||
| 650 |
_aPesticidas _987536 |
||
| 650 |
_aPesticidas _x aplicacion _987539 |
||
| 901 | _aPA 632.95 E8 | ||
| 902 | _aA | ||
| 905 | _a0000001977 0000000000 00 | ||
| 910 | _a1977 | ||
| 942 | _cPARA | ||
| 942 |
_cPARA _d1 |
||
| 999 |
_c204197 _d204197 |
||